Planety w układzie słonecznym. - Statystyki

Ogólne statystyki
  • Ten quiz został rozwiązany 57 razy
  • Średni wynik to 7 z 8
Statystyki odpowiedzi
Kolejność od Słońca Planeta % Poprawnych
1 Merkury
100%
2 Wenus
96%
3 Ziemia
94%
4 Mars
91%
5 Jowisz
89%
6 Saturn
83%
8 Neptun
72%
7 Uran
68%
Nie znaleziono quizów pasujących do podanych kryteriów
Rozkład punktacji
Procent ludzi z każdym wynikiem
Percentyl według liczby udzielonych odpowiedzi
Twoja historia wyników
Nie rozwiązałeś tego quizu